Best Billy Madison Quotes Quiz - Statistics

General Stats
  • This quiz has been taken 902 times
    898 since last reset
  • The average score is 7 of 8
Answer Stats
Character Quote Answer % Correct
O'Doyle O'Doyle _____! rules
95%
Billy Madison It's too damn hot for a _______ to be walking around here. I gotta send him back to the South Pole. penguin
93%
Lunch Lady Have some more ______ ____. I made 'em extra sloppy for yous. I know how yous kids like 'em sloppy. sloppy joes
93%
Billy Madison No I will not ____ out with you! make
91%
Billy Madison Oh Veronica Vaughn! So hot! Want to _____ the hiney! touch
87%
Billy Madison Chlorophyll? More like ____ophyll. bore
85%
Old Lady If peeing your pants is cool, consider me _____ _____. Miles Davis
67%
Old Lady I'll tell you who it was, it was that damned ________ . sasquatch
52%
No matching quizzes found
Score Distribution
Percent of People with Each Score
Percentile by Number Answered
Your Score History
You have not taken this quiz since the last reset